Central Library OPAC University of Rajshahi

Perturbation methods. / (Record no. 6575)

MARC details
000 -LEADER
fixed length control field 01781cam a2200421 a 4500
001 - CONTROL NUMBER
control field 6575
003 - CONTROL NUMBER IDENTIFIER
rucl marc code BD-RjUL
005 - DATE AND TIME OF LATEST TRANSACTION
control field 20211208234254.0
008 - FIXED-LENGTH DATA ELEMENTS--GENERAL INFORMATION
fixed length control field 140111s1973 nyua b 001 0 eng d
020 ## - INTERNATIONAL STANDARD BOOK NUMBER
International Standard Book Number 0471630594
035 ## - SYSTEM CONTROL NUMBER
System control number (BD-RjUL)6616
-- (OCoLC)415430
System control number 1953609
040 ## - CATALOGING SOURCE
Original cataloging agency LC
Language of cataloging eng
Transcribing agency LC
Modifying agency NUN
-- ANL
-- BD-RjUL
041 ## - LANGUAGE CODE
Language code of text/sound track or separate title eng
082 04 - DEWEY DECIMAL CLASSIFICATION NUMBER
Classification number 629.101515
Author mark and year NAP 1973
100 1# - MAIN ENTRY--PERSONAL NAME
Personal name Nayfeh, Ali Hasan,
Dates associated with a name 1933-
9 (RLIN) 20696
245 10 - TITLE STATEMENT
Title Perturbation methods. /
Statement of responsibility, etc. by Ali Hasan Nayfeh
260 ## - PUBLICATION, DISTRIBUTION, ETC. (IMPRINT)
Place of publication, distribution, etc. New York :
Name of publisher, distributor, etc. John Wiley,
Date of publication, distribution, etc. 1973.
300 ## - PHYSICAL DESCRIPTION
Pagination xii, 425 p. :
Illustrations illus. ;
Size 23 cm.
490 1# - SERIES STATEMENT
Series statement Pure and applied mathematics
Series statement Series in pure and applied mathematics.
500 ## - GENERAL NOTE
General note "A Wiley-Interscience publication."
504 ## - BIBLIOGRAPHY, ETC. NOTE
Bibliography, etc Includes index.
Bibliography, etc Bibliography: p. 387-415.
505 00 - FORMATTED CONTENTS NOTE
Formatted contents note Machine derived contents note: Straightforward Expansions and Sources of Nonuniformity.The Method of Strained Coordinates.The Methods of Matched and Composite Asymptotic Expansions.Variation of Parameters and Methods of Averaging.The Method of Multiple Scales.Asymptotic Solutions of Linear Equations.References and Author Index.Subject Index.
650 #0 - SUBJECT ADDED ENTRY--TOPICAL TERM
Topical term or geographic name as entry element Perturbation (Mathematics)
9 (RLIN) 20697
Topical term or geographic name as entry element Asymptotic expansions.
9 (RLIN) 20698
Topical term or geographic name as entry element Differential equations
General subdivision Numerical solutions.
9 (RLIN) 20699
653 ## - INDEX TERM--UNCONTROLLED
Uncontrolled term Perturbation methods
830 #0 - SERIES ADDED ENTRY--UNIFORM TITLE
Uniform title Pure and applied mathematics (Wiley)
Uniform title Series in pure and applied mathematics.
856 4# - ELECTRONIC LOCATION AND ACCESS
Materials specified Table of Contents
Uniform Resource Identifier <a href="http://www.loc.gov/catdir/toc/onix02/72008068.html">http://www.loc.gov/catdir/toc/onix02/72008068.html</a>
Materials specified Publisher description
Uniform Resource Identifier <a href="http://www.loc.gov/catdir/enhancements/fy0706/72008068-d.html">http://www.loc.gov/catdir/enhancements/fy0706/72008068-d.html</a>
942 ## - ADDED ENTRY ELEMENTS (KOHA)
Source of classification or shelving scheme Dewey Decimal Classification
Koha item type Books
Holdings
Lost status Source of classification or shelving scheme Damaged status Not for loan Collection code Permanent Location Current Location Shelving location Date acquired Source of acquisition Cost, normal purchase price Total Checkouts Full call number Date last seen Copy number Koha item type
  Dewey Decimal Classification   Not For Loan Non-fiction Central Library, University of Rajshahi Central Library, University of Rajshahi   24/07/1989 Karim International 54.95   629.101515 NAP 1973 11/01/2014 C-1 Books
  Dewey Decimal Classification     Non-fiction Central Library, University of Rajshahi Central Library, University of Rajshahi   24/07/1989 Karim International 54.95   629.101515 NAP 1973 11/01/2014 C-2 Books
  Dewey Decimal Classification     Non-fiction Central Library, University of Rajshahi Central Library, University of Rajshahi General Stacks 26/08/2001 Soma Enterprise 162.15   629.101515 NAP 1973 04/12/2024 C-3 Books
  Dewey Decimal Classification     Non-fiction Central Library, University of Rajshahi Central Library, University of Rajshahi General Stacks 04/04/2001 Soma Enterprise 162.15   629.101515 NAP 1973 13/07/2025 C-4 Books